| 000 | 00732nam a2200229Ia 4500 | ||
|---|---|---|---|
| 003 | OSt | ||
| 005 | 20220923213737.0 | ||
| 006 | a|||||r|||| 00| 0 | ||
| 007 | ta | ||
| 008 | 220922b |||||||| |||| 00| 0 hin d | ||
| 024 | _a164,303 | ||
| 037 | _cTextual | ||
| 040 |
_aARTS _cARTS _bhin |
||
| 041 |
_2hin _ahin |
||
| 082 | _aO152:1M89:18:9, L35(TTPH) | ||
| 100 |
_aत्रिपाठी, राम मूर्ति _9159618 |
||
| 245 | 0 |
_aकामायनी _b कला और दर्शन |
|
| 246 | _aKāmāyanī: kalā aur darshana | ||
| 260 | _c1973 | ||
| 942 |
_hO152:1M89:18:9, L35(TTPH) _cTEXL _2CC |
||
| 999 |
_c318783 _d318783 |
||